000 00457nam a22001697a 4500
005 20180316161227.0
008 160526b xxu||||| |||| 00| 0 eng d
020 _a0-19-511470-1
041 _aeng
082 _b5220
_a332.645
100 _aDubofsky, David A & Miller, Thomas W
_94196
245 _aDERIVATIVES:Valuation and Risk Management
260 _aNew Delhi
_bAcademic Faundation
_c2003
300 _a635
650 _aManagement
_9241
942 _cBK
999 _c1832
_d1831